000 00741nam a2200193 4500
001 144024
003 ES-MaACL
005 20250806062542.0
007 t|
008 070214s1972 sp r ||||1| spa d
100 1 _aSimón Palmer, María del Carmen.
_9106548
245 1 3 _aLa enseñanza privada seglar de grado medio en Madrid
_b: (1820-1868) /
_cMaría del Carmen Simón Palmer ; prólogo de Vicente Palacio Atard.
260 _aMadrid :
_bInstituto de Estudios Madrileños,
_c1972 (
_fUguina)
300 _aXXIII, 438 p., 9 lám. ;
_c25 cm +
_e1 h. pleg.
700 1 _aPalacio Atard, Vicente,
_d1920-2013
_988374
710 2 _aInstituto de Estudios Madrileños
_94916
852 _aES-MaACL
_jC-48249
_bR.84302
999 _c144024
_d144024